[Event "Armen Norouz Cup 1st"]
[Site "Esfahan"]
[Date "2011.03.27"]
[Round "4"]
[White "Mari Ooriad, Pouya"]
[Black "Harutjunyan, Gevorg"]
[Result "1-0"]
[WhiteElo "2263"]
[BlackElo "2468"]
[PlyCount "106"]
[EventDate "2011.03.25"]
[EventType "swiss"]
[EventRounds "9"]
[EventCountry "IRI"]
[SourceTitle "CBM 141 Extra"]
[Source "ChessBase"]
[SourceDate "2011.05.03"]
[SourceVersion "1"]
[SourceVersionDate "2011.05.03"]
[SourceQuality "1"]

1. e4 c5 2. Nf3 e6 3. d4 cxd4 4. Nxd4 a6 5. c4 Nf6 6. Nc3 Bb4 7. Bd3 Nc6 8. Nc2 Be7 9. 0-0 d6 10. Kh1 b6 11. Be3 Bb7 12. Rc1 Ne5 13. f4 Nxd3 14. Qxd3 Rc8 15. Nd4 Rc5 16. Rce1 Qc8 17. Nf3 Rxc4 18. Bxb6 0-0 19. Bd4 Rd8 20. Nd2 Rb4 21. a3 Rxb2 22. Nd5 exd5 23. Bxb2 dxe4 24. Qd4 d5 25. Rc1 Qa8 26. Rfd1 Nh5 27. Qe3 Bd6 28. Rf1 Qb8 29. g3 Bc8 30. Bd4 Bh3 31. Rfe1 Bg4 32. Qc3 Qb5 33. Rb1 Qd7 34. Qa5 Qe7 35. Rb7 Qf8 36. Rc1 e3 37. Bxe3 Qe8 38. Re1 d4 39. Bf2 Qc6+ 40. Kg1 Rf8 41. Rb6 Qc7 42. Rxa6 Qb8 43. Qb6 Qxb6 44. Rxb6 Bxa3 45. Bxd4 Rd8 46. Nc4 Bf8 47. Bf2 Be6 48. Ne5 Nf6 49. Reb1 Bf5 50. Rb8 Rd5 51. Nc6 Rd7 52. Re1 Ne4 53. g4 Nxf2 1-0